| 000 | 00481nam a2200181 a 4500 | ||
|---|---|---|---|
| 005 | 20240821063744.0 | ||
| 008 | 991125s1974 ea 000 0 eng u | ||
| 035 | _aUPN01000027409 | ||
| 049 | _aF | ||
| 050 | 4 |
_aPE1408 _bW4.3 |
|
| 100 | 1 | _aWhite, James D. | |
| 245 | 1 | 0 |
_aHandbook 400 / _cJames D. White. |
| 260 |
_aNew York : _bMacMillan, _c1974. |
||
| 300 | _avi, 56 p. | ||
| 440 | 0 | _aComposing language | |
| 650 | 4 |
_aInglés _xComposición y ejercicios _99166 |
|
| 905 | _aLibro | ||
| 999 |
_c27409 _d27409 |
||